HR here and now: (Record no. 154342)

MARC details
000 -LEADER
fixed length control field 00715nam a22002177a 4500
005 - DATE AND TIME OF LATEST TRANSACTION
control field 20180821110830.0
010 ## - LCCN (DPL NO)
LC control number ENG-123550
020 ## - INTERNATIONAL STANDARD BOOK NUMBER
International Standard Book Number 9789352806935
Terms of availability 595.00
035 ## - SYSTEM CONTROL NUMBER
System control number EN-107082
037 ## - SOURCE OF ACQUISITION
Source of stock number/acquisition DBAD/PUB
082 ## - DEWEY DECIMAL CLASSIFICATION NUMBER
Classification number 658.3
100 ## - MAIN ENTRY--PERSONAL NAME
Personal name Chella, Ganesh
245 ## - TITLE STATEMENT
Title HR here and now:
Statement of responsibility, etc by Ganesh Chella; Harish Devarajan [and] V.J. Rao
Remainder of title the making of the quintessential people champion /
250 ## - EDITION STATEMENT
Edition statement 2nd edn.
260 ## - PUBLICATION, DISTRIBUTION, ETC. (IMPRINT)
Place of publication, distribution, etc New Delhi
Name of publisher, distributor, etc SAGE Publications,
Date of publication, distribution, etc 2018
270 ## - ADDRESS
Address B1/I-1 Mohan Cooperative Industrial Area, Mathura Road
City New Delhi
Postal code 110044
300 ## - PHYSICAL DESCRIPTION
Extent xv, 212p.
Dimensions 21cm(pbk).
700 ## - ADDED ENTRY--PERSONAL NAME
Personal name Devarajan, Harish
700 ## - ADDED ENTRY--PERSONAL NAME
Personal name Rao, V.J.
942 ## - ADDED ENTRY ELEMENTS (KOHA)
Source of classification or shelving scheme Dewey Decimal Classification
Item type English Books
Classification part 658.3
Call number suffix CHE
Holdings
Withdrawn status Lost status Not for loan Collection code Home library Current library Date acquired Source of acquisition Cost, normal purchase price Full call number Barcode Copy number Cost, replacement price Koha item type
    Not For Loan Non-fiction D.B.Act.Division Central Library 19/07/2018 DBAD/PUB 595.00 658.3 CHE EN-107082 1 595.00 English Books

© Delhi Public Library
Hit Counter
free hit counter